• 首页
  • 本馆介绍
  • 公告通知
  • 最新文献
  • 馆藏检索
  • 电子资源
  • 读者导购
  • 参考咨询
  • 我的图书馆
  • 登录
  • 详细信息显示
  • 放入我的书架
  • 预约/预借图书
  • 作者相关作品
  • 分类相关作品
  • 丛书相关作品
  • 出版社相关作品

书目信息

  • 表格格式
  • 工作单格式
  • 卡片格式
题名:
数字测图原理与方法
    
 
作者: 李长春 , 何荣 主编
分册:  
出版信息: 北京   煤炭工业出版社  2014
页数: 233页
开本: 26cm
丛书名:
单 册:
中图分类: P283.7
科图分类:
主题词: 数字化制图--Shu Zi Hua Zhi Tu--高等教育--教材
电子资源:
ISBN: 978-7-5020-4375-9
000 01029nam0 22002531 450
001 349504
005 20161010155333.62
010    @a978-7-5020-4375-9@dCNY27.00
100    @a20140613d2014 em y0chiy50 ea
101 0  @achi
102    @aCN@b110000
105    @aa z 000yy
106    @ar
200 1  @a数字测图原理与方法@AShu Zi Ce Tu Yuan Li Yu Fang Fa@f李长春,何荣主编
210    @a北京@c煤炭工业出版社@d2014
215    @a233页@d26cm
300    @a普通高等教育“十二五”规划教材
330    @a本书共十一章,第一章到第六章为测量学内容,包括绪论,测量基本知识、水准测量、角度和距离测量、测量误差基本知识和小区域控制测量;第七章到第十一章为数字测图内容,包括地形图基本知识、数字地形图绘制基础、大比例尺数字地形图的数据采集、数字地形图的绘制方法和数字地形图的应用。
606 0  @a数字化制图@AShu Zi Hua Zhi Tu@x高等教育@j教材
690    @aP283.7@v5
701  0 @a李长春@ALi Chang Chun@c(测绘,@f1976~)@4主编
701  0 @a何荣@AHe Rong@f(1975~)@4主编
801  0 @aCN@bTANGWEI@20160730
905    @b0885345-9@dP283.7@e233@f5
    
    数字测图原理与方法/李长春,何荣主编.-北京:煤炭工业出版社,2014
    233页;26cm
    普通高等教育“十二五”规划教材
    
    ISBN 978-7-5020-4375-9:CNY27.00
    本书共十一章,第一章到第六章为测量学内容,包括绪论,测量基本知识、水准测量、角度和距离测量、测量误差基本知识和小区域控制测量;第七章到第十一章为数字测图内容,包括地形图基本知识、数字地形图绘制基础、大比例尺数字地形图的数据采集、数字地形图的绘制方法和数字地形图的应用。
●
相关链接 在E读中查询图书 在五车中查询图书 在当当中查询图书 在豆瓣中查询图书


正题名:数字测图原理与方法     索取号:P283.7/233         预约/预借

序号 登录号 条形码 馆藏地/架位号 状态 备注
1 0885345   208853454   第二样本阅览室/ [索取号:P283.7/233] 在馆    
2 0885346   208853463   第三借阅区/ [索取号:P283.7/233] 在馆    
3 0885347   208853472   第三借阅区/ [索取号:P283.7/233] 在馆    
4 0885348   208853481   第三借阅区/ [索取号:P283.7/233] 在馆    
5 0885349   208853490   第三借阅区/ [索取号:P283.7/233] 在馆    
唐山师范学院图书馆 欢迎您!
大连网信软件有限公司© 版权所有